000 00641nam a2200265Ia 4500
005 20260121165557.0
008 008 260114s9999 xx 000 0 eng d
020 _a9783319456263
037 _aEBOOK
040 _aCRL
040 _beng
040 _cCRL
041 _2eng
041 _aeng
084 _qCRL
100 _aSimon Kelly, Paul Johnston, Stacey Danheiser
_91053441
245 0 _aValue-ology
260 _bSpringer
260 _bSpringer
260 _c2017
856 _uhttps://link.springer.com/openurl?genre=book&isbn=978-3-319-45626-3
942 _cEBOOK
999 _c1619167
_d1619167